Statistics for Twilight Trivia

Click here to take the quiz!

General Stats

  • This quiz has been taken 26,609 times
    (26,591 since last reset)
  • The average score is 16 of 22

Answer Stats

HintAnswer% Correct
First book titleTwilight
94%
Edward's last nameCullen
93%
Second book titleNew Moon
93%
Bella's last name?Swan
90%
Fourth book titleBreaking Dawn
88%
Third book titleEclipse
87%
Who plays Bella in the movie series?Kristen Stewart
86%
Who plays Edward in the movie series?Robert Pattinson
84%
City in Washington that Bella
moves to
Forks
77%
Name of Bella and Edward's babyRenesmee
77%
Who plays Jacob in the movie series?Taylor Lautner
77%
Author's nameStephenie Meyer
75%
Type of vehicle that Bella drivesTruck
75%
Bella's dad's name?Charlie
68%
City that Bella is originally fromPhoenix
67%
Male vampire who tries to kill Bella,
in the 1st book
James
63%
Name of the vampire coven in ItalyVolturi
62%
Creates a "newborn" vampire army,
in the 3rd book
Victoria
57%
Movie that is a parody of TwilightVampires Suck
42%
Fifth book title
(leaked to public)
Midnight Sun
35%
Edward's age in "vampire years"
when Bella meets him
104
32%
Jacob Black's tribeQuileute
30%

Score Distribution

Percentile by Number Answered

Percent of People with Each Score

Your Score History

You have not taken this quiz since the last reset